| 000 | 01004nam a22003017a 4500 | ||
|---|---|---|---|
| 001 | 9399 | ||
| 003 | FISKH | ||
| 005 | 20251219145100.0 | ||
| 008 | 251219b cb ||||| |||| 00| 0 eng d | ||
| 020 | _a9781419721373 | ||
| 040 |
_aFISKH _beng _cFISKH _dFISKH |
||
| 050 | _aPZ8.B38447 A | ||
| 082 | _a813.6 | ||
| 100 |
_aBeaty, Andrea _eAuthor |
||
| 245 |
_aAda twist, scientist / _cby Andrea Beaty ; illustrated by David Roberts |
||
| 260 |
_aNew York : _bAbrams Books for Young Readers , _c2016 |
||
| 300 |
_a32 unnumbered pages : _bcolor illustrations ; _c29 cm |
||
| 490 |
_aThe questioneers _v2 |
||
| 505 | _aN | ||
| 520 | _aAda Twist is a very curious girl who shows perseverance by asking questions and performing experiments to find things out and understand the world. | ||
| 521 | 8 |
_a550
_bLexile AD |
|
| 521 | 8 |
_aN
_bRaz-Plus |
|
| 650 |
_aRhyming _vScience |
||
| 650 |
_aScientists _vSTEM |
||
| 700 |
_aRoberts, David _eIllustrator |
||
| 942 |
_2ddc _cBK _n0 |
||
| 999 |
_c9399 _d9399 |
||